Normal view
MARC view
Entry Topical Term
Number of records used in: 133
001 - CONTROL NUMBER
- control field: 4682
003 - CONTROL NUMBER IDENTIFIER
- control field: AM-YEHGA
005 - DATE AND TIME OF LATEST TRANSACTION
- control field: 20250617070453.0
008 - FIXED-LENGTH DATA ELEMENTS
- fixed length control field: 140311|| aca||aabn | a|a d
040 ## - CATALOGING SOURCE
- Original cataloging agency: AM-YEHGA
150 ## - HEADING--TOPICAL TERM
- Topical term or geographic name entry element: Հայ գրողներ
- General subdivision: Կյանքն ու գործունեությունը
670 ## - SOURCE DATA FOUND
- Source citation: 43302: Ֆեներճյան, Գեղամ, 1903-1983 11098, Եղիա Տէմիրճիպաշեան :, 1921.
ՀՀ Գիտությունների ազգային ակադեմիայի հիմնարար գիտական գրադարան = Fundamental Scientific Library of NAS RA
All site content, except where otherwise noted, is licensed under a